Statistics for Top 10 Tennis Grand Slam Swedish Men's Players in Open Era

Click here to take the quiz!

General Stats

  • This quiz has been taken 84 times
  • The average score is 5 of 10

Answer Stats

#PlayerBest PerformancePoints% Correct
1Björn BorgWin (11)101
99%
2Stefan EdbergWin (6)101
89%
3Mats WilanderWin (7)85
84%
6Robin SöderlingFinal18
69%
5Thomas JohanssonWin (1)20
57%
8Thomas EnqvistFinal15
34%
9Magnus NormanFinal13
31%
4Jonas BjörkmanSemifinals24
26%
7Anders JärrydSemifinals16
21%
10Joakim NyströmQuarterfinals13
14%

Score Distribution

Percentile by Number Answered

Percent of People with Each Score

Your Score History

You have not taken this quiz